书目信息 |
| 题名: |
乐谭
|
|
| 作者: | ;中国民族管弦乐学会 编 | |
| 分册: | 第五集 “新绎杯”杰出民族管弦乐指挥论评 | |
| 出版信息: | 北京 人民音乐出版社 2017.04 |
|
| 页数: | 11,256页 | |
| 开本: | 22cm | |
| 丛书名: | ||
| 单 册: | ||
| 中图分类: | J632.617 | |
| 科图分类: | ||
| 主题词: | 管弦乐--民族器乐曲--音乐欣赏--中国--现代 | |
| 电子资源: | ||
| ISBN: | 978-7-103-05345-4 | |
| 000 | 01100nam0 2200241 450 | |
| 001 | 0120172238868 | |
| 005 | 20180917155836.42 | |
| 010 | @a978-7-103-05345-4@b精装@dCNY90.00 | |
| 100 | @a20170807d2017 em y0chiy50 ea | |
| 101 | 0 | @achi |
| 102 | @aCN@b110000 | |
| 105 | @aa z 000yy | |
| 106 | @ar | |
| 200 | 1 | @a乐谭@9le tan@h第五集@i“新绎杯”杰出民族管弦乐指挥论评@f中国民族管弦乐学会编 |
| 210 | @a北京@c人民音乐出版社@d2017.04 | |
| 215 | @a11,256页@c照片@d22cm | |
| 330 | @a本书以第五届“华乐论坛”暨“新绎杯”杰出民族管弦乐指挥评奖活动,将关注的目光投向在民族管弦乐指挥事业辛勤耕耘的指挥家们。本届论坛评选出的各位民乐指挥大家,从不同的历史阶段、不同的岗位、不同的地区与国家,发挥了各自超强的作用。朴东生先生在民族管弦乐指挥实践、理论的创建与传播;夏飞云先生在规范民族管弦乐指挥教学体系的建设与实践,为我们树立了杰出的榜样! | |
| 333 | @a音乐爱好者 | |
| 606 | 0 | @a管弦乐@x民族器乐曲@x音乐欣赏@y中国@z现代 |
| 690 | @aJ632.617@v5 | |
| 711 | 02 | @a中国民族管弦乐学会@9zhong guo min zu guan xian yue xue hui@4编 |
| 801 | 0 | @aCN@b人天书店@c20170807 |
| 905 | @b1092642-46@dJ632.617@e138:5@f5 | |
| 乐谭.第五集.“新绎杯”杰出民族管弦乐指挥论评/中国民族管弦乐学会编.-北京:人民音乐出版社,2017.04 |
| 11,256页:照片;22cm |
| 使用对象:音乐爱好者 |
| ISBN 978-7-103-05345-4(精装):CNY90.00 |
| 本书以第五届“华乐论坛”暨“新绎杯”杰出民族管弦乐指挥评奖活动,将关注的目光投向在民族管弦乐指挥事业辛勤耕耘的指挥家们。本届论坛评选出的各位民乐指挥大家,从不同的历史阶段、不同的岗位、不同的地区与国家,发挥了各自超强的作用。朴东生先生在民族管弦乐指挥实践、理论的创建与传播;夏飞云先生在规范民族管弦乐指挥教学体系的建设与实践,为我们树立了杰出的榜样! |
| ● |
| 相关链接 |
|
|
|
|
正题名:乐谭
索取号:J632.617/138:5
 
预约/预借
| 序号 | 登录号 | 条形码 | 馆藏地/架位号 | 状态 | 备注 |
| 1 | 1092642 | 210926426 | 第一样本阅览室/ [索取号:J632.617/138:5] | 在馆 | |
| 2 | 1092643 | 210926435 | 教育系资料室/ [索取号:J632.617/138:5] | 在馆 | |
| 3 | 1092644 | 210926444 | 教育系资料室/ [索取号:J632.617/138:5] | 在馆 | |
| 4 | 1092645 | 210926453 | 第一借阅区/ [索取号:J632.617/138:5] | 在馆 | |
| 5 | 1092646 | 210926462 | 第一借阅区/ [索取号:J632.617/138:5] | 在馆 |